Global political economy / (Record no. 2393)
[ view plain ]
| 000 -LEADER | |
|---|---|
| fixed length control field | 01977nac a22002651u 4500 |
| 010 ## - LIBRARY OF CONGRESS CONTROL NUMBER | |
| LC control number | 2005297931 |
| 020 ## - INTERNATIONAL STANDARD BOOK NUMBER | |
| International Standard Book Number | 0199265844 (pbk.) |
| 035 ## - SYSTEM CONTROL NUMBER | |
| System control number | (OCoLC)ocm60383498 |
| 082 00 - DEWEY DECIMAL CLASSIFICATION NUMBER | |
| Classification number | 337 |
| Item number | R196 |
| 090 ## - LOCALLY ASSIGNED LC-TYPE CALL NUMBER (OCLC); LOCAL CALL NUMBER (OCLC) | |
| -- | 2393 |
| -- | 2393 |
| 100 ## - MAIN ENTRY--PERSONAL NAME | |
| Personal name | 20080729 |
| 245 00 - TITLE STATEMENT | |
| Title | Global political economy / |
| Statement of responsibility, etc | edited by John Ravenhill. |
| 260 ## - PUBLICATION, DISTRIBUTION, ETC. (IMPRINT) | |
| Place of publication, distribution, etc | Oxford ; |
| -- | New York : |
| Name of publisher, distributor, etc | Oxford University Press,2005 |
| Date of publication, distribution, etc | 2005. |
| 300 ## - PHYSICAL DESCRIPTION | |
| Extent | xxiii, 438 p. : |
| Other physical details | ill., maps ; |
| Dimensions | 25 cm. |
| 504 ## - BIBLIOGRAPHY, ETC. NOTE | |
| Bibliography, etc | Includes bibliographical references (p. [396]-419) and index. |
| 505 0# - FORMATTED CONTENTS NOTE | |
| Formatted contents note | The study of global political economy / John Ravenhill -- Collaboration and coordination in the global political economy / Vinod K. Aggarwal and CeÌ?dric Dupont -- The domestic sources of foreign economic policies / Michael J. Hiscox -- The evolution of the global trade regime / Gilbert R. Winham -- Regionalism / John Ravenhill -- The evolution of the international monetary and financial system / Eric Helleiner -- The political economy of international financial crises / Louis W. Pauly -- The logics of globalization / Anthony McGrew -- Globalization's impact on states / Colin Hay -- Globalization and regional international production / Alan M. Rugman -- Globalization, poverty, and inequality / Robert Hunter Wade -- Globalization and development in the South / Caroline Thomas -- Globalization and civil society / Marc Williams -- Globalization and the environment / Peter Dauvergne. |
| 650 #0 - SUBJECT ADDED ENTRY--TOPICAL TERM | |
| Topical term or geographic name as entry element | Globalization |
| General subdivision | Economic aspects. |
| 650 #0 - SUBJECT ADDED ENTRY--TOPICAL TERM | |
| Topical term or geographic name as entry element | International economic relations. |
| 650 #0 - SUBJECT ADDED ENTRY--TOPICAL TERM | |
| Topical term or geographic name as entry element | International finance. |
| 700 1# - ADDED ENTRY--PERSONAL NAME | |
| Personal name | Ravenhill, John. |
| 856 42 - ELECTRONIC LOCATION AND ACCESS | |
| Materials specified | Publisher description |
| Uniform Resource Identifier | <a href="http://www.loc.gov/catdir/enhancements/fy0627/2005297931-d.html">http://www.loc.gov/catdir/enhancements/fy0627/2005297931-d.html</a> |
| 856 42 - ELECTRONIC LOCATION AND ACCESS | |
| Materials specified | Table of contents only |
| Uniform Resource Identifier | <a href="http://www.loc.gov/catdir/enhancements/fy0627/2005297931-t.html">http://www.loc.gov/catdir/enhancements/fy0627/2005297931-t.html</a> |
| 942 ## - ADDED ENTRY ELEMENTS (KOHA) | |
| Item type | Book - Borrowing |
| Call number prefix | 337R196 |
| Withdrawn status | Item status | Damaged status | Not for loan | Home library | Current library | Shelving location | Date acquired | Source of acquisition | Total Checkouts | Total Renewals | Full call number | Barcode | Date last seen | Date last borrowed | Koha item type |
|---|---|---|---|---|---|---|---|---|---|---|---|---|---|---|---|
| Central Library | Central Library | First floor | 19/02/2007 | Purchase | 7 | 46 | 337 GLO | 000001681 | 15/07/2025 | 04/11/2020 | Book - Borrowing |